00476nam a22001337a 4500003000500000038001800005082000800023100002600031245014100057264003300198650001900231700003400250856005800284NUST aNusrat Nadeem a200 aKhan, Muhammad Dawood aTHE LEVEL, STRUCTURE, AND DETERMINANTS OF THE INTRA-INDUSTRY TRADE: AN ANALYSIS OF FINAL AND INTERMEDIATE GOODS/cMuhammad Dawood Khan,  aIslamabad:bS3H NUST.c2025. aMS- Economics  aSupervisor: Dr. Zafar Mahmood u http://10.250.8.41:8080/xmlui/handle/123456789/55850